MARC details
| 000 -CABECERA |
| campo de control de longitud fija |
02220nam a2200301 4500 |
| 003 - IDENTIFICADOR DEL NÚMERO DE CONTROL |
| campo de control |
EC-UNACH |
| 005 - FECHA Y HORA DE LA ÚLTIMA TRANSACCIÓN |
| campo de control |
20251107141525.0 |
| 006 - CÓDIGOS DE INFORMACIÓN DE LONGITUD FIJA--CARACTERÍSTICAS DEL MATERIAL ADICIONAL |
| campo de control de longitud fija |
s||||gr|||| 00| 00 |
| 008 - DATOS DE LONGITUD FIJA--INFORMACIÓN GENERAL |
| campo de control de longitud fija |
150116t9999 mx r gr 000 0 spa d |
| 020 ## - NÚMERO INTERNACIONAL ESTÁNDAR DEL LIBRO |
| Número Internacional Estándar del Libro |
978-9978-67-284-6 |
| 040 ## - FUENTE DE LA CATALOGACIÓN |
| Centro catalogador/agencia de origen |
EC-UNACH |
| Centro/agencia transcriptor |
EC-UNACH |
| 041 ## - CÓDIGO DE LENGUA |
| Código de lengua del texto/banda sonora o título independiente |
spa |
| 082 04 - NÚMERO DE LA CLASIFICACIÓN DECIMAL DEWEY |
| Número de edición |
23 |
| Número de clasificación |
330 |
| Número de documento/Ítem |
L017970 |
| 110 ## - ENTRADA PRINCIPAL--NOMBRE DE ENTIDAD CORPORATIVA |
| Nombre de entidad corporativa o nombre de jurisdicción como elemento de entrada |
Flacso |
| 245 ## - MENCIÓN DE TÍTULO |
| Título |
La migración latinoamericana a España: una mirada desde el modelo de acumulación de activos |
| 250 ## - MENCIÓN DE EDICIÓN |
| Mención de edición |
Primera edición |
| 264 ## - Producción, publicación, distribución, fabricación y copyright |
| Lugar de producción, publicación, distribución, fabricación |
Ecuador |
| Nombre del de productor, editor, distribuidor, fabricante |
Flacso |
| Fecha de de producción, publicación, distribución, fabricación o copyright |
2011 |
| 300 ## - DESCRIPCIÓN FÍSICA |
| Extensión |
236 |
| 505 ## - NOTA DE CONTENIDO CON FORMATO |
| Nota de contenido con formato |
Parte 1- Remesas , mercado laboral y desarrollo . El modelo de acumulación de activos desde una perspectiva transnacional: el caso de los migrantes de Guayaquil a Barcelona. . Migración circular laboral en España, el caso colombiano impacto en las comunidades de origen. . Acumulación de capitales y empresariado latinoamericano: el impacto de sus activos en la percepción social del inmigrante en España. . Retorno y acumulación de activos. Aproximaciones etnográficas al caso de Ecuador y España - - Parte 2-Familias transnacionales y relaciones sociales. . El papel del género en la acumulación de capital social: el caso de las mujeres ecuatorianas. . Plata y/o amor: remesas, acumulación de activos y movilidad social de las familias de migrantes ecuatorianos. . La familia transnacional generada a través de las migraciones femeninas: una aproximación de capitales desde la articulación de las funciones productivas y reproductivas. . Parte 3- Ciudadanía y participación cívico- política - El valor del capital cívico y político acumulado entre migrantes: el caso argentino desde la perspectiva familiar. . Una aproximación al estudio de la acumulación y transferencia de capital político en el contexto de la migración latinoamericana a España. . Migración transitoria como recurso: latinoamericanos en el Reino Unido vía España. |
| 650 ## - PUNTO DE ACCESO ADICIONAL DE MATERIA--TÉRMINO DE MATERIA |
| Término de materia o nombre geográfico como elemento inicial |
MERCADO LABORAL |
| 650 ## - PUNTO DE ACCESO ADICIONAL DE MATERIA--TÉRMINO DE MATERIA |
| Término de materia o nombre geográfico como elemento inicial |
FAMILIAS TRANSNACIONALES |
| 650 ## - PUNTO DE ACCESO ADICIONAL DE MATERIA--TÉRMINO DE MATERIA |
| Término de materia o nombre geográfico como elemento inicial |
PARTICIPACIÓN CIVICO- POLITICA |
| 700 ## - PUNTO DE ACCESO ADICIONAL--NOMBRE DE PERSONA |
| Nombre de persona |
Jorge Ginieniewicz |
| 942 ## - ELEMENTOS DE PUNTO DE ACCESO ADICIONAL (KOHA) |
| Fuente del sistema de clasificación o colocación |
Clasificación Decimal Dewey |
| Tipo de ítem Koha |
Libros |
| 999 ## - NÚMEROS DE CONTROL DE SISTEMA (KOHA) |
| Koha biblionumber |
14159 |